Landscape Approach (Record no. 31825)

MARC details
000 -LEADER
fixed length control field 00409nam a2200169Ia 4500
020 ## - INTERNATIONAL STANDARD BOOK NUMBER
ISBN 9781954081239
050 ## - CALL MARK
Classification number NA 2541 .Z36/
100 ## - STATEMENT OF RESPONSIBILITY--MAIN AUTHOR NAME
Personal name Zander, Hannes
245 #0 - TITLE STATEMENT
Title Landscape Approach
260 ## - PUBLICATION, DISTRIBUTION, ETC. (IMPRINT)
Name of publisher Applied Research and Design
260 ## - PUBLICATION, DISTRIBUTION, ETC. (IMPRINT)
Year of publication 2023
300 ## - PHYSICAL DESCRIPTION
Number of Pages 15 p
650 ## - SUBJECT ADDED ENTRY--TOPICAL TERM
Topical Term Climate and Architecture
942 ## - ADDED ENTRY ELEMENTS (KOHA)
Koha item type Books
Holdings
Withdrawn status Lost status Source of classification or shelving scheme Damaged status Not for loan Permanent Location Current Location Shelving location Date acquired Accession Number Price effective from Koha item type
    Library of Congress Classification     NILE UNIVERSITY OF NIGERIA - MAIN LIBRARY NILE UNIVERSITY OF NIGERIA - MAIN LIBRARY Items on shelf 04/23/2025 0196168 04/23/2025 Books